แสดงรายละเอียดบรรณานุกรม
  กลับหน้าหลัก

Brief Record : Get Marc (ISO 2709) : E-mail record : QR code ปิดหน้าต่าง
LEADER 00000nama 2200000uu 4500
008    040531s2002 th m m a000 0 tha d
020    974-04-2652-2
041    eng
050    The WD308 D13I
100    Duangamol Wattradul.
245    Improving Health Care For HIV/AIDS in Thailand : Learning frm those who suffer 500
260    Bangkok Mahidol University 2002.
300    335 p.
650    Aids
998    2003-06-25
999    ^aใช้งานได้ทุกระบบ
รายการนี้ยังไม่มีแท็ก
คุณยังไม่ได้ล็อกอิน คุณสามารถมีกิจกรรมร่วมกับเว็บไซต์ได้ แต่ต้องล็อกอินก่อน ::
  ล็อกอิน
ลำดับที่ ประเภท เลขเรียก สถานที่ สถานะ
1. หนังสือทั่วไป
หนังสือทั่วไป
The WD308 D13I 2002  
  
ชั้นหนังสืออ้างอิง ถูกยืม กำหนดส่งวันที่ 17 มิถุนายน 2569
  จอง
   [แสดง 1/1 รายการ]

รายการใกล้เคียง
    หัวเรื่อง [Aids]

BibComment


ยังไม่เคยถูกคอมเมนท์

คอมเมนท์ทรัพยากรรายการนี้
  คอมเมนท์: Improving Health ..
Bib 188723

 
 
 

 Union Library Management : ULibM
Copyright 2026. All Rights Reserved.
скачать бесплатно без регистрации порно красивый секс HD Sex Hindi sex

xxx gou

xxxx

bfxxx

xxxwww

Секса Видео

xxxx

Секса Видео

detube

geilexxx

C99 Shell

worms shell

blod xxx video
Ebony Coed Rihanna Rimes Takes A Dick In Her Young Twat priyaa indian fuck anal and pusssy hardcore indian women xxx desi hardcore fucking part 1 bengalixxxcouple